Auditing Concepts and Applications <A> Risk-Analysis Approach

Saved in:
Bibliographic Details
Main Author: Konrath, Larry F.
Format: Book
Language:English
Published: St. Paul West Publ. Co. 1989
Edition:1. ed.
Subjects:
Tags: Add Tag
No Tags, Be the first to tag this record!

MARC

LEADER 00000nam a2200000 4500
001 c005108
005 20221206131202.4
020 |a 0-314-46328-3 
041 0 |a eng 
044 |a US 
245 1 0 |a Auditing Concepts and Applications  |b <A> Risk-Analysis Approach  |c Larry F. Konrath 
250 |a 1. ed. 
264 1 |a St. Paul  |b West Publ. Co.  |c 1989 
300 |a 608 s. 
610 2 0 |a audítorstvo 
610 2 0 |a účty 
610 2 0 |a kontrola 
610 2 0 |a normy 
610 2 0 |a kontrola vnútorná 
610 2 0 |a účtovníctvo 
610 2 0 |a softvér 
610 2 0 |a metódy štatistické 
100 1 |a Konrath, Larry F.